01028nam a2200301Ia 450000500170000000800410001702000180005808200160007610000210009224500760011325000180018930000640020750400790027165000350035065000280038565000270041365000210044065000300046170000270049170000270051894200120054526400310055733600270058833700330061533800280064804000350067699900150071120220317001447.0161108s2016 mx ao g 000 0 s  a978607400730504a636.1bC67c1 aCottica, Susanna10aCaballosbrazas, culturas, tradicionescSusanna Cottica, Luca Paparelli a1a. edición a271 páginasbilustraciones, fotografías en colorc33 cm aIncluye referencias bibliográficas, índice y créditos fotográficos142LEMBaCaballosvAmaestramiento142LEMBaCaballos salvajes142LEMBaCaballos de paso142LEMBaEquitacion142LEMBaCaballos de carrera1 aPaparelli, Luca9735151 aLuna, Alejandra973516 2ddccBK aMéxicobOcéanoc[2016] atextobtxt2rdacontent asin mediaciónbn2rdamedia avolumenbnc2rdacarrier aCO-BoRNBPbspaerdacCO-BoRNBP c7049d7049